Statistics for Closest Cities to Nashville

Click here to take the quiz!

General Stats

  • This quiz has been taken 73 times
  • The average score is 12 of 20

Answer Stats

kmCitymi% Correct
316Memphis197
97%
347Atlanta215
87%
259Knoxville161
84%
249Louisville155
84%
183Chattanooga113
80%
295Birmingham183
79%
383Cincinnati238
74%
408Saint Louis254
74%
445Columbus, GA276
70%
404Indianapolis251
66%
51Murfreesboro32
66%
292Lexington181
64%
424Montgomery264
64%
65Clarksville40
62%
161Huntsville100
59%
476Springfield, IL295
41%
460Dayton286
36%
213Evansville132
28%
396Athens246
18%
468Macon291
16%

Score Distribution

Percentile by Number Answered

Percent of People with Each Score

Your Score History

You have not taken this quiz